Normal view MARC view

Entry Personal Name

Number of records used in: 1

001 - CONTROL NUMBER

  • control field: 56272

003 - CONTROL NUMBER IDENTIFIER

  • control field: OSt

005 - DATE AND TIME OF LATEST TRANSACTION

  • control field: 20250822115452.0

008 - FIXED-LENGTH DATA ELEMENTS

  • fixed length control field: 250822|| aca||aabn | a|a d

040 ## - CATALOGING SOURCE

  • Original cataloging agency: OSt
  • Transcribing agency: OSt

100 ## - HEADING--PERSONAL NAME

  • Personal name: Coelho, Joanna Pereira and Nilofer, N.

670 ## - SOURCE DATA FOUND

  • Source citation: Work cat.: (OSt): Coelho, Joanna Pereira and Nilofer, N., Agency, Accommodation and negotiations: The dialectics of non-assimilation for economic relations between tibetan refugee and Indian hosts

Powered by Koha